Online
Catalog

La vida turbulenta de Quevedo / (Record no. 16898)

MARC details
000 -CABECERA
campo de control de longitud fija 01083cam a2200301 a 4500
001 - NÚMERO DE CONTROL
campo de control 000017373
005 - FECHA Y HORA DE LA ÚLTIMA TRANSACCIÓN
campo de control 20200929165108.0
008 - DATOS DE LONGITUD FIJA--INFORMACIÓN GENERAL
campo de control de longitud fija 740129s1945 sp a 001 0 spa d
035 ## - NÚMERO DE CONTROL DEL SISTEMA
Número de control de sistema (DLC)a 48004845
035 ## - NÚMERO DE CONTROL DEL SISTEMA
Número de control de sistema (OCoLC)784525
040 ## - FUENTE DE LA CATALOGACIÓN
Centro catalogador/agencia de origen DO-SdBNP
Centro/agencia transcriptor GAC
Centro/agencia modificador OClU
-- OCoLC
-- DLC
082 ## - NÚMERO DE LA CLASIFICACIÓN DECIMAL DEWEY
Número de clasificación 928.61
Número de documento/Ítem A859v, 1945
049 ## - FONDOS LOCALES (OCLC)
Fondos de biblioteca BNGR
100 1# - ENTRADA PRINCIPAL--NOMBRE DE PERSONA
Nombre de persona Astrana Marín, Luis,
Fechas asociadas al nombre 1889-1959
9 (RLIN) 38035
245 10 - MENCIÓN DE TÍTULO
Título La vida turbulenta de Quevedo /
Mención de responsabilidad, etc. Luis Astrana Marín.
250 ## - MENCIÓN DE EDICIÓN
Mención de edición 2d ed.
260 ## - PUBLICACIÓN, DISTRIBUCIÓN, ETC.
Lugar de publicación, distribución, etc. Madrid :
Nombre del editor, distribuidor, etc. Gran Capitán,
Fecha de publicación, distribución, etc. 1945.
300 ## - DESCRIPCIÓN FÍSICA
Extensión 622 p. :
Otras características físicas il., retrs. ;
Dimensiones 26 cm.
490 1# - MENCIÓN DE SERIE
Mención de serie Histórica Gran capitán
600 10 - PUNTO DE ACCESO ADICIONAL DE MATERIA--NOMBRE DE PERSONA
Nombre de persona QUEVEDO, FRANCISCO DE,
Fechas asociadas al nombre 1580-1645.
Subdivisión general BIOGRAFÍAS
9 (RLIN) 38036
650 #4 - PUNTO DE ACCESO ADICIONAL DE MATERIA--TÉRMINO DE MATERIA
Término de materia o nombre geográfico como elemento de entrada Autores españoles
Subdivisión general Biografías
9 (RLIN) 18116
650 #4 - PUNTO DE ACCESO ADICIONAL DE MATERIA--TÉRMINO DE MATERIA
Término de materia o nombre geográfico como elemento de entrada Literatos españoles
Subdivisión general Biografías
9 (RLIN) 38037
650 #4 - PUNTO DE ACCESO ADICIONAL DE MATERIA--TÉRMINO DE MATERIA
Término de materia o nombre geográfico como elemento de entrada Poesía española
Subdivisión general Historia y crítica
9 (RLIN) 8687
650 #4 - PUNTO DE ACCESO ADICIONAL DE MATERIA--TÉRMINO DE MATERIA
Término de materia o nombre geográfico como elemento de entrada Literatura española
Subdivisión general Crítica e interpretación
9 (RLIN) 4054
700 1# - PUNTO DE ACCESO ADICIONAL--NOMBRE DE PERSONA
Nombre de persona Lison y Biedma, Mateo de,
Fechas asociadas al nombre 17th cent.
9 (RLIN) 38038
830 #0 - PUNTO DE ACCESO ADICIONAL DE SERIE-TÍTULO UNIFORME
Título uniforme Histórica Gran capitán ;
9 (RLIN) 38039
910 ## - DATOS DE OPCIÓN DEL USUARIO (OCLC)
Datos de opción del usuario Catalogación por copia / LC
Holdings
Estado de retiro Estado de pérdida Restricciones de uso No para préstamo Código de colección Localización permanente Ubicación/localización actual Ubicación en estantería Fecha de adquisición Número de inventario Total de préstamos Signatura topográfica completa Código de barras Fecha visto por última vez Precio válido a partir de Tipo de ítem Koha
        Monografías: Libros y Folletos General General En catalogación 23.03.2010 LF1   928.61 A859v, 1945 17373-10 25.06.2020 25.06.2020 Préstamo en sala

Powered by Koha